000 00408nam a2200157Ia 4500
008 230711s9999||||xx |||||||||||||| ||und||
020 _a978-81-261-3280-5
041 _aENG
082 _a630
_bGI-A
100 _aGilbert. P.R
245 0 _aAgricultural Biotechnology, Forstry and Products
260 _c2008
_aNew Delhi
_bAnmol Publication(P) Ltd.
300 _a287p.
650 _aAgriculture
942 _cBK
999 _c7519
_d7519